000
00349nam a22001577a 4500
999
_c
10922
_d
10922
003
OSt
008
210814b ||||| |||| 00| 0 eng d
082
_a
823
_b
SAS
100
G
_a
SANGHI, Ashwin
245
_a
Krishna Key
250
_a
Rep
260
_a
Chennai
_b
Westland Limited
_c
2018
300
_a
471
650
_a
Religious
942
_2
ddc
_c
BK